000 00777nam a22002057a 4500
999 _c11315
_d11315
003 AR-CdUCM
008 190403b ||||| |||| 00| 0 spa d
040 _aMUNICIPALIDAD PROVINCIAL DEL CUSCO
_cBIBLIOTECA MUNICIPAL DEL CUSCO
082 _a343.2 /
_bAR66 / 1893
100 _aAranda, Ricardo,
_928625
245 _aLa constitución del Perú de 1860 con sus reformas hasta 1960 :
_bleyes orgánicas decretos, reglamentos y resoluciones referentes a ellas /
260 _aLima : Libr. e Impr. Gil,
_bImpr. de la H. cámara de diputados,
_c1893.
300 _a862 paginas ;
_c21 cm.
505 _aContenido : Constitución Política del Perú.
650 _aLeyes
_94808
650 _aArtículos
_919045
650 _aDecreto
_928626
942 _2ddc
_cLIBROS
945 _awnts